|
|
|
|
| LEADER |
00748cam a2200229 7i4500 |
| 001 |
0000068042 |
| 005 |
20220422090000.0 |
| 020 |
|
|
|a 9781784538774
|
| 090 |
0 |
0 |
|a DS779.49.X53
|b B225 2016
|
| 100 |
1 |
|
|a Brown, Kerry
|
| 245 |
1 |
0 |
|a CEO, China :
|b the rise of Xi Jinping
|c Kerry Brown.
|
| 264 |
|
|
|a London:
|b I.B. Tauris & Co. Ltd.,
|c 2016.
|
| 300 |
|
|
|a xxiii, 262 pages;
|c 23 cm.
|
| 336 |
|
|
|a text
|2 rdacontent
|
| 337 |
|
|
|a unmediated
|2 rdamedia
|
| 338 |
|
|
|a volume
|2 rdacarrier
|
| 600 |
1 |
0 |
|a Xi, Jinping
|
| 650 |
|
0 |
|a Heads of state --
|z China
|
| 651 |
|
0 |
|a China --
|x Politics and government --
|y 2002-
|
| 997 |
|
|
|a Selangor Business School
|
| 998 |
|
|
|a Business Administration, Master
|
| 999 |
|
|
|a SBS0000549
|b BOK
|c OPEN SHELF
|e 1st Floor, Bestari Jaya
|